| 000 | 01031njm a2200301Ia 4500 | ||
|---|---|---|---|
| 001 | 36703 | ||
| 003 | IT-RoPAU | ||
| 005 | 20220918181113.0 | ||
| 008 | 131025s9999 xx 000 0 und d | ||
| 040 | _aIT-RoPAU | ||
| 040 | _cIT-RoPAU | ||
| 041 | _aINGLESE | ||
| 999 |
_c99153 _d99153 |
||
| 999 | _bn.d. | ||
| 100 |
_aJagger Mick _916608 |
||
| 100 |
_eAutore musica _919233 |
||
| 100 |
_gCodice autore musica SPICS: 10121 _916610 |
||
| 245 | _aBlack and Blue | ||
| 250 | _a2a ed. | ||
| 260 | _aMILANO | ||
| 260 |
_bEMI ITALIANA _c1979 [1a Ed.:1976 - Ed. Lingua Orig.: 1976] |
||
| 300 | _aDISCO | ||
| 500 | _aMusica rock | ||
| 505 | _aHot Stuff - Hand of Fate - Cherry Oh Baby - Memory Motel - Hey Negrita (Inspiration By Ron Wood) - Melody (Inspiration By Billy Preston) - Fool To Cry - Crazy Mama | ||
| 650 |
_aROCK [DISCHI] _eCodice MATERIA SPICS: 9950 _91088 |
||
| 700 |
_aRichards Keith _eAutore _gCodice autore SPICS: 27012 _919234 |
||
| 700 |
_aRolling Stones (The) _gCodice interprete SPICS: 11123 _eInterprete _919235 |
||
| 942 |
_cMD _2ddc |
||